Popularne Warzywa - Statystyki

Ogólne statystyki
  • Ten quiz został rozwiązany 996 razy
  • Średni wynik to 9 z 15
Statystyki odpowiedzi
Hint Odpowiedź % Poprawnych
2. Pomidor
95%
1. Marchewka
90%
15. Cebula
75%
8. Sałata
72%
9. Kapusta
68%
7. Papryka
65%
4. Seler
64%
5. Brokuł
57%
6. Kalafior
57%
3. Rzodkiewka
49%
13. Cukinia
45%
14. Dynia
40%
12. Bakłażan
36%
10. Buraki
27%
11. Szpinak
25%
Nie znaleziono quizów pasujących do podanych kryteriów
Rozkład punktacji
Procent ludzi z każdym wynikiem
Percentyl według liczby udzielonych odpowiedzi
Twoja historia wyników
Nie rozwiązałeś tego quizu